000 00614nam a2200241Ia 4500
008 160901s9999 xx 000 0 und d
020 _a0-321-27845-3
050 _aComSc TR 899
050 _b.O94 2005
100 _aOzer, Jan.
245 _aMaking a movie with Windows XP /
245 _cJan Ozer.
260 _aUSA :
260 _bPeachpit Press.,
260 _c2005
300 _a139 pages :
300 _bcol. ill. ;
300 _c23 cm.
440 _aVisual QuickProject
500 _aIncludes index.
650 _aMotion pictures -- Editing -- Data processing.
650 _xDigital video.
999 _c300855
_d300855